| 000 | 00327nam a2200121Ia 4500 | ||
|---|---|---|---|
| 008 | 250110s9999 xx 000 0 und d | ||
| 041 | _aeng | ||
| 100 |
_aDaripkar Ruchira _9182554 |
||
| 245 | _aOceanarium At Worli | ||
| 260 |
_bFinal Year B. Arch, BNCA _c2014 |
||
| 300 | _a100p | ||
| 700 |
_aGuide Name:Chandwania Dhruv _9210227 |
||
| 999 |
_c363419 _d363419 |
||